000 01328nam a2200313 i 4500
003 EG-GICUC
005 20260212114814.0
008 260212s2009 su ||||fr|||| 00| 0 ara d
040 _a EG-GICUC
_bara
_c EG-GICUC
_d EG-GICUC
_erda
041 0 _aara
082 0 4 _a343.431
_bم ط . خ
_221
092 0 4 _221
099 _aLaw1 10 343.431 م ط . خ 2009 1006177
100 0 _aمطيع الله دخيل الله الحربي.
_eمؤلف.
245 1 2 _aالخروج من الأزمة :
_bالاستراتيجية والحلول /
_cتأليف المستشار الدكتور مطيع الله دخيل الله الحربي.
264 1 _aمكة المكرمة :
_bمطيع الله بن دخيل الله الصرهيد الحربي،
_c2009.
300 _a151 صفحة ؛
_c24 سم.
_bإيضاحيات، صور، مثيليات ؛
336 _2rda content
_atext
337 _2rda media
_aComputer
338 _2rda carrier
_aOnline Resource
504 _aيشتمل على ارجاعات ببليوجرافية.
546 _aالنص باللغة العربية
650 1 4 _aالتشريع الخاص بالإرهاب.
_2qrmak
650 1 4 _aالقانون الجنائي.
_2qrmak
651 1 _2qrmak
856 4 0 _uhttps://fll.law.cu.edu.eg/fulltext/bks/B10-06177.pdf
905 _a18
942 _2ddc
_cBK
_e21
_n0
999 _c62761
_d62761